000 00886cam a2200133 4500500
005 20260405022910.0
041 _afre
042 _adc
100 1 0 _aDurand, Béatrice
_eauthor
245 0 0 _aSauvages expérimentaux : Une histoire des fictions d’isolement enfantin
260 _bHermann,
_c2017.
520 _aUne idée d’expérience hante la philosophie depuis l’Antiquité : isoler un ou plusieurs enfants dès leur naissance pour préserver leur nature. L’expérience permettrait, croit-on, de la distinguer des apports ultérieurs de la culture. Sur la tabula rasa ainsi reconstituée, elle permettrait aussi de comprendre ce que peut la nature humaine : comment s’élaborent le langage, les idées, la spiritualité, les sentiments, la moralité ?
856 4 1 _uhttps://shs.cairn.info/sauvages-experimentaux--9782705695118?lang=fr&redirect-ssocas=7080
999 _c2135444
_d2135444